Preterito Imperfecto - Statistics

General Stats
  • This quiz has been taken 10 times
  • The average score is 59 of 108
Answer Stats
Hint Answer % Correct
ud. ser | yo ser era
75%
vos. ser erais
75%
nos. ser éramos
75%
uds. ser eran
75%
tú ser eras
75%
ud. escribir | yo escribir escribía
75%
ud. estar | yo estar estaba
75%
vos. estar estabais
75%
nos. estar estábamos
75%
uds. estar estaban
75%
tú estar estabas
75%
ud. ir | yo ir iba
75%
nos. ir íbamos
75%
ud. querer | yo querer quería
75%
ud. decir | yo decir decía
50%
vos. decir decíais
50%
nos. decir decíamos
50%
uds. decir decían
50%
tú decir decías
50%
vos. escribir escribíais
50%
uds. escribir escribían
50%
tú escribir escribías
50%
ud. escuchar | yo escuchar escuchaba
50%
vos. escuchar escuchabais
50%
nos. escuchar escuchábamos
50%
uds. escuchar escuchaban
50%
tú escuchar escuchabas
50%
ud. hablar | yo hablar hablaba
50%
vos. hablar hablabais
50%
nos. hablar hablábamos
50%
uds. hablar hablaban
50%
tú hablar hablabas
50%
ud. hacer | yo hacer hacía
50%
vos. hacer hacíais
50%
nos. hacer hacíamos
50%
uds. hacer hacían
50%
tú hacer hacías
50%
vos. ir ibais
50%
uds. ir iban
50%
tú ir ibas
50%
ud. leer | yo leer leía
50%
vos. leer leíais
50%
nos. leer leíamos
50%
uds. leer leían
50%
tú leer leías
50%
ud. llegar | yo llegar llegaba
50%
vos. llegar llegabais
50%
nos. llegar llegábamos
50%
uds. llegar llegaban
50%
tú llegar llegabas
50%
yo acostarse me acostaba
50%
nos. acostarse nos acostábamos
50%
ud. oír | yo oír oía
50%
vos. oír oíais
50%
nos. oír oíamos
50%
uds. oír oían
50%
tú oír oías
50%
vos. acostarse os acostabais
50%
ud. producir | yo producir producía
50%
vos. producir producíais
50%
nos. producir producíamos
50%
uds. producir producían
50%
tú producir producías
50%
vos. querer queríais
50%
nos. querer queríamos
50%
uds. querer querían
50%
tú querer querías
50%
ud. acostarse se acostaba
50%
uds. acostarse se acostaban
50%
tú acostarse te acostabas
50%
ud. trabajar | yo trabajar trabajaba
50%
vos. trabajar trabajabais
50%
nos. trabajar trabajábamos
50%
uds. trabajar trabajaban
50%
tú trabajar trabajabas
50%
ud. traer | yo traer traía
50%
vos. traer traíais
50%
nos. traer traíamos
50%
uds. traer traían
50%
tú traer traías
50%
ud. ver | yo ver veía
50%
vos. ver veíais
50%
nos. ver veíamos
50%
uds. ver veían
50%
tú ver veías
50%
ud. venir | yo venir venía
50%
vos. venir veníais
50%
nos. venir veníamos
50%
uds. venir venían
50%
tú venir venías
50%
nos. escribir escribímos
25%
No matching quizzes found
Score Distribution
Percent of People with Each Score
Percentile by Number Answered
Your Score History
You have not taken this quiz